150 Najczęściej słuchanych zagranicznych raperów - Statystyki

Ogólne statystyki
  • Ten quiz został rozwiązany 329 razy
    324 od ostatniego zresetowania
  • Średni wynik to 37 z 150
Statystyki odpowiedzi
Ilość odsłuchań Artysta % Poprawnych
69,5 mld Drake
88%
39,2 mld Eminem
84%
27,3 mld Travis Scott
83%
23,6 mld Kendrick Lamar
81%
26,6 mld XXXTENTACION
79%
33,8 mld Kanye West
78%
28,4 mld Juice WRLD
74%
7,1 mld Snoop Dogg
71%
8,5 mld 2Pac
70%
19,8 mld Future
68%
16,8 mld Lil Uzi Vert
68%
8,4 mld Playboi Carti
67%
14,5 mld 21 Savage
64%
9,6 mld A$AP Rocky
63%
11,6 mld Lil Peep
62%
8,7 mld 50 Cent
59%
18,7 mld Nicki Minaj
57%
13,7 mld Lil Baby
56%
4,4 mld Lil Pump
56%
11 mld Lil Wayne
56%
3,4 mld Ice Cube
55%
9,2 mld JAY-Z
55%
11,8 mld Pop Smoke
53%
10,7 mld Young Thug
53%
36,7 mld Post Malone
52%
14,8 mld Metro Boomin
51%
10,6 mld Cardi B
50%
5,5 mld Dr. Dre
49%
19,2 mld J. Cole
49%
9,2 mld Gunna
48%
6,8 mld The Notorious B.I.G.
48%
5,6 mld 6ix9ine
44%
2,9 mld Chief Keef
44%
6 mld Lil Tecca
44%
11,9 mld Tyler, The Creator
44%
4,6 mld NLE Choppa
42%
4 mld Yeat
42%
4,2 mld Don Toliver
41%
3,8 mld Lil Yachty
41%
8,8 mld Migos
41%
2,8 mld King Von
40%
6,3 mld Lil Durk
40%
4,3 mld Central Cee
39%
3,9 mld Offset
39%
11 mld DaBaby
38%
9,5 mld Trippie Redd
38%
8,9 mld Kodak Black
36%
3,6 mld Quavo
36%
3 mld Nas
35%
10,7 mld YoungBoy Never Broke Again
34%
10,4 mld Wiz Khalifa
33%
6,2 mld Lil Tjay
31%
4,3 mld Swae Lee
30%
8,6 mld Polo G
29%
4,5 mld YNW Melly
29%
8,3 mld Kid Cudi
28%
12,1 mld Mac Miller
28%
5,8 mld Roddy Ricch
27%
2,1 mld Blueface
26%
6,1 mld Gucci Mane
26%
3,9 mld Lil Mosey
26%
3,4 mld A$AP Ferg
24%
16,7 mld Doja Cat
24%
3,9 mld Ski Mask The Slump God
24%
3,6 mld Baby Keem
23%
2,4 mld Denzel Curry
22%
4,2 mld Outkast
22%
4,3 mld Lil Skies
20%
6 mld Rae Sremmurd
20%
3,7 mld 2 Chainz
19%
6,2 mld Jack Harlow
19%
3,1 mld Rick Ross
19%
9,7 mld Tyga
19%
6,4 mld French Montana
18%
7,2 mld Tory Lanez
18%
6,6 mld Megan Thee Stallion
17%
9,7 mld A Boogie Wit da Hoodie
15%
4,4 mld Fetty Wap
15%
9,8 mld G-Eazy
14%
2,7 mld MF DOOM
14%
9 mld The Kid LAROI
14%
8,4 mld Macklemore
13%
5,3 mld Macklemore & Ryan Lewis
13%
4,6 mld Dave
12%
9,2 mld Logic
12%
2,8 mld Rich The Kid
12%
6 mld Ty Dolla $ign
12%
11,8 mld $uicideboy$
12%
6,3 mld Big Sean
11%
3,2 mld B.o.B
11%
2,4 mld DMX
11%
12 mld Pitbull
11%
3,6 mld ScHoolboy Q
10%
3,4 mld The Game
10%
2,4 mld Key Glock
9%
6,4 mld Meek Mill
9%
2,7 mld Mustard
9%
6,1 mld NAV
9%
7,8 mld Russ
9%
4,1 mld 24kGoldn
7%
8,1 mld Flo Rida
7%
2,9 mld Joey Bada$$
7%
8,6 mld Machine Gun Kelly
7%
3,3 mld T.I.
7%
3,1 mld T-Pain
7%
5 mld 6LACK
6%
5,2 mld Kevin Gates
6%
2,8 mld Sleepy Hallow
6%
2,1 mld Desiigner
5%
2,9 mld Iggy Azalea
5%
4,4 mld Nelly
5%
4,4 mld Rod Wave
5%
2,5 mld Young Dolph
5%
2,6 mld BONES
4%
4,3 mld Chance the Rapper
4%
2,6 mld Ghostemane
4%
2,3 mld Internet Money
4%
2,4 mld Latto
4%
3 mld Moneybagg Yo
4%
2,7 mld Ms. Lauryn Hill
4%
2,5 mld PnB Rock
4%
2,7 mld KYLE
3%
2,2 mld Mike WiLL Made-It
3%
10 mld NF
3%
2,2 mld Tech N9ne
3%
4,6 mld YG
3%
3,4 mld bbno$
2%
9,2 mld Black Eyed Peas
2%
2,7 mld iann dior
2%
2,3 mld Jaden
2%
2,7 mld Joyner Lucas
2%
5,1 mld Ryan Lewis
2%
2,7 mld Stormzy
2%
2,4 mld Tee Grizzley
2%
3,2 mld Aminé
1%
2,4 mld Arizona Zervas
1%
2,5 mld D-Block Europe
1%
2,7 mld Kid Ink
1%
2,1 mld AJ Tracey
0%
3,9 mld Anderson .Paak
0%
2,2 mld Beastie Boys
0%
3,4 mld BROCKHAMPTON
0%
2,7 mld De La Ghetto
0%
2,8 mld Dominic Fike
0%
2,6 mld Powfu
0%
2,1 mld Rich Brian
0%
3,4 mld SAINt JHN
0%
2,3 mld Sean Kingston
0%
2,3 mld Wale
0%
2,6 mld Yung Gravy
0%
Nie znaleziono quizów pasujących do podanych kryteriów
Rozkład punktacji
Procent ludzi z każdym wynikiem
Percentyl według liczby udzielonych odpowiedzi
Twoja historia wyników
Nie rozwiązałeś tego quizu od ostatniego zresetowania